000 00612nam a2200229Ia 4500
003 OSt
005 20221007062332.0
006 a|||||r|||| 00| 0
007 ta
008 221006b |||||||| |||| 00| 0 eng d
024 _a21,466
037 _cTextual
040 _aFLL
_cFLL
_beng
041 _2eng
_aeng
082 _aZ2:9298, L0
100 _aChakraverti Suranjan Au.
_9682638
245 0 _aAdministrative law
260 _aAllahabad
_bLaw Book Comp. India
_c1970
300 _a370p
_ccm.
942 _hZ2:9298, L0
_cTEXL
_2CC
999 _c1128350
_d1128350